Bulletin statistique 1980

Saved in:
Bibliographic Details
Format: Book
Language:French
Published: Bujumbura Service national des etudes et statistiques 1981
Tags: Add Tag
No Tags, Be the first to tag this record!

MARC

LEADER 00000nam a2200000 4500
001 c114258
005 20250722103410.1
041 0 |a fre 
044 |a BI 
245 1 0 |a Bulletin statistique 1980 
264 1 |a Bujumbura  |b Service national des etudes et statistiques  |c 1981 
300 |a 78 s.